Reglamento de títulos profesionales y permisos de embarco de oficiales de la marina mercante y de naves especiales

Gespeichert in:
Bibliographische Detailangaben
Körperschaften: Armada de Chile (VerfasserIn), DIRECTEMAR (VerfasserIn)
Format: Buch
Sprache:Spanisch
Veröffentlicht: Valparaíso Dirección General del Territorio Marítimo y de Marina Mercante 1985
Schlagworte:
Tags: Tag hinzufügen
Keine Tags, Fügen Sie den ersten Tag hinzu!

MARC

LEADER 00000nam a2200000 a 4500
001 UCY8392
003 CL-VaPUC
008 950703e19850000CL |||||||||||||||||spa|d
082 0 4 |a 343.096  |b ARM  |2 21 
110 2 |a Armada de Chile  |e author  |9 339715 
710 2 |a DIRECTEMAR  |e author  |9 339716 
245 1 0 |a Reglamento de títulos profesionales y permisos de embarco de oficiales de la marina mercante y de naves especiales 
246 1 0 |a Reglamento de practicaje y pilotaje 
246 1 0 |a Reglamento de prácticos 
300 |a 139 p 
942 |c BK 
945 |d 19950703 00:00:00  |a awong 
260 |a Valparaíso  |b Dirección General del Territorio Marítimo y de Marina Mercante  |c 1985 
650 0 |a Marina mercante   |9 255383 
650 7 |a PRACTICAJE DE PUERTOS  |2 CL-VaPUC  |9 339717 
650 7 |a REGLAMENTOS  |2 CL-VaPUC  |9 259254 
650 0 |a Rutas marítimas  |9 339718 
650 0 |a Puertos  |9 260105 
650 7 |a OFICIAL DE LA MARINA MERCANTE  |2 CL-VaPUC  |9 339719 
650 7 |a LEGISLACION  |2 CL-VaPUC  |9 339720 
651 7 |a CHILE  |2 CL-VaPUC  |9 339721 
583 |a last modification  |c 19950703 00:00:00  |k Rodrigo Vera 
999 |c 235651  |d 235649 
952 |0 0  |1 0  |4 0  |6 343_096000000000000_ARM_1985  |7 0  |8 CCM  |9 243208  |a BIBCUR  |b BIBCUR  |d 2019-11-18  |i 3093409  |o 343.096 ARM 1985  |p 3093409  |r 2025-04-22  |w 2019-11-18  |y BK  |k CIM 
952 |0 0  |1 0  |4 0  |6 343_096000000000000_ARM_1985  |7 0  |8 CCM  |9 243209  |a BIBCUR  |b BIBCUR  |d 2019-11-18  |i 3093417  |o 343.096 ARM 1985  |p 3093417  |r 2025-04-22  |w 2019-11-18  |y BK  |k CIM